=LDR 00000nam 2200000 4500 =001 INLIS000000000033338 =005 20200304062819 =035 ##$$a 0010-061300000033338 =008 200304################g##########0#ind## =041 ##$$a ind =082 ##$$a 001.432 =090 ##$$a 001.4, Yin,s =100 1#$$a Yin, Robert K. =245 1#$$a Studi kasus : $b Desain dan metode /$c Prof.Dr. Robert K. Yin ; Penerjemah, M. Djauzi Mudzakir =260 ##$$a Jakarta :$b RajaGrafindo Persada,$c 1996 =300 ##$$a xv, 217 hlm : $b Ilus ; $c 13 x 19, 5 cm =650 #4$$a Penelitian =850 ##$$a NBPNMAT =020 ##$$a 979-421-499-x =084 ##$$a 001.432 ROB s =250 ##$$a Ed. Cet. 1 =504 ##$$a Bibliografi : hlm. 207 -217 =700 #$$a Mudzakir, M. Djauzi =990 ##$$a 21004619 =990 ##$$a 21004618 =990 ##$$a 20611524 =990 ##$$a 21004617 =990 ##$$a 0059/BPAP-NTB/2015 =990 ##$$a 99. 195/Pro- 96